000 00448nam a22001577a 4500
005 20241127143818.0
008 240214b |||||||| |||| 00| 0 eng d
040 _aKMU
_cKMU
_dKMU
_erda
050 _aHQ 1240 Moy
100 _aMoyo, Marsha
245 _aZambia Women celebrated
_c/Moyo, Marsha
260 _aLusaka :
_bRoyal Norwegian Embassy,
_c2001.
300 _a52 p. :
_bill. ;
_c28 cm.
710 _aRoyal Norwegian Embassy
942 _2lcc
_cBK
_n0
999 _c1003
_d1003